South Africa rugby union matches (2020 - …). - Statistics

General Stats
  • This quiz has been taken 59 times
    16 since last reset
  • The average score is 11 of 12
Answer Stats
Opponents % Correct
2 France
100%
6 Argentina
92%
5 Australia
92%
2 Ireland
92%
1 Italy
92%
7 New Zealand
92%
2 Scotland
92%
3 England
85%
1 Romania
85%
1 Tonga
85%
1 Georgia
77%
6 Wales
77%
No matching quizzes found
Score Distribution
Percent of People with Each Score
Percentile by Number Answered
Your Score History
You have not taken this quiz since the last reset